Score 0/15 Timer 01:30
0 Plays Today
Hint Five Letter Word % Correct
The Rolling Stones and the Beach Boys, e.g.BANDS
89.1%
They may get caught in the cookie jarHANDS
87.5%
A little bit drunkTIPSY
85.2%
There's forty of them in a nap?WINKS
84.6%
With previous rung, the purple TeletubbyWINKY
83%
Elated and pleasedHAPPY
79%
Fastens togetherBINDS
78.7%
A flowerchild of the 60sHIPPY
77.4%
Hint Five Letter Word % Correct
With next rung, the purple TeletubbyTINKY
76.7%
Powers a pocket watchWINDS
76.5%
Laurel's comedy partnerHARDY
75%
Unstable; lopsidedTIPPY
70.5%
Famed blues composer W. C.HANDY
68.5%
A shrewish personHARPY
64.6%
The green TeletubbyDIPSY
58.1%

Today's Daily Dose

Remove Ads.
Support Sporcle.
Get the best of Sporcle when you Go Orange. This ad-free experience offers more features, more stats, and more fun while also helping to support Sporcle. Thank you for becoming a member.

You're not logged in!

Compare scores with friends on all Sporcle quizzes.
OR
Log In

Show Comments

Extras

Top Quizzes Today


Score Distribution

Your Account Isn't Verified!

In order to create a playlist on Sporcle, you need to verify the email address you used during registration. Go to your Sporcle Settings to finish the process.

Report this User

Report this user for behavior that violates our Community Guidelines.

Details: